Statistics for The Tien Shinhan Quiz

Click here to take the quiz!

General Stats

  • This quiz has been taken 25 times
    (8 since last reset)
  • The average score is 12 of 20

Answer Stats

Hint Answer % Correct
What technique does Tien use aganist Cell so Android 18 can get away?Neo Tri-Beam
86%
Tien says that his one goal in life is to surpass whom?Goku
86%
Who do Tien and the other Z Fighters train with after the fight against the Saiyans?King Kai
86%
What part of Tien's body does he lose during the battle against Nappa?His Arm
86%
Who is Tien's very best friend?Chiaotzu
86%
What is Tien Shinhan's race?The Three-Eyed Clan
71%
Who is the first character that Tien defeats in Dragon Ball Z?A Saibaman
71%
Before the Saiyans arrived on Earth, who did Tien and the other Z Fighters train with?Kami
71%
What is the name of the school that Tien attends in the beginning of his fighting career?Crane School
71%
In Tien's first World Martial Arts Tournament, who is the tournament champion?Tien
57%
In what year of the World Martial Arts Tournament does Tien first fight against Master Roshi's students?22nd
57%
Who teaches Tien how to fight at a young age?Master Shen
57%
Where is Tien and Chiaotzu's favorite place to train?North City
57%
What color is Tien's shirt, at the Cell Games, when he fights a Cell, Jr.?White
57%
Who is the most powerful fighter that Tien saves from Majin Buu?Gohan
57%
What attack, that Tien learned from watching Master Roshi, does he attempt to use against King Piccolo?Evil Containment Wave
43%
What is Tien's favorite sport?Volleyball
43%
When Tien attempts to attack Android 17, what does the Android do to him?Chokes Him
29%
What is the name of the first Dragon Ball GT episode that Tien appears briefly in?"Piccolo's Decision"
0%
What is the name of the last Dragon Ball GT episode (the last of the series), in which Tien appears briefly for the last time?"Until We Meet Again"
0%

Score Distribution

Percentile by Number Answered

Percent of People with Each Score

Your Score History

You have not taken this quiz since the last reset